Post office (Record no. 54771)

MARC details
000 -LEADER
fixed length control field 01089nam a22002417a 4500
005 - DATE AND TIME OF LATEST TRANSACTION
control field 2011080309559.0
010 ## - LCCN (DPL NO)
LC control number B-437520-521
020 ## - INTERNATIONAL STANDARD BOOK NUMBER
International Standard Book Number 818668528X
Terms of availability 40.00
020 ## - INTERNATIONAL STANDARD BOOK NUMBER
International Standard Book Number 9788186685266
Terms of availability 40.00
035 ## - SYSTEM CONTROL NUMBER
System control number B-437520-521
037 ## - SOURCE OF ACQUISITION
Source of stock number/acquisition Allied/DE/2010/CR/0003015/31.3.11/293/24.3.11/191/31.3.11
082 ## - DEWEY DECIMAL CLASSIFICATION NUMBER
Classification number S
100 ## - MAIN ENTRY--PERSONAL NAME
Personal name Tagore, Rabindranath
245 ## - TITLE STATEMENT
Title Post office
Statement of responsibility, etc by Rabindranath Tagore; translated by Debabrata Mukhopadhyay
260 ## - PUBLICATION, DISTRIBUTION, ETC. (IMPRINT)
Place of publication, distribution, etc New Delhi
Name of publisher, distributor, etc Wisdom Tree
Date of publication, distribution, etc 2009.
270 ## - ADDRESS
Address 4779/23, Ansari Road
City New Delhi
Postal code 110002
300 ## - PHYSICAL DESCRIPTION
Extent 59 p.
Dimensions 18 cm (Pbk)
700 ## - ADDED ENTRY--PERSONAL NAME
Personal name Mukhopadhyay, Debabrata
9 (RLIN) 31020
942 ## - ADDED ENTRY ELEMENTS (KOHA)
Source of classification or shelving scheme Dewey Decimal Classification
Item type English Books
Classification part S
Call number suffix TAG
Holdings
Withdrawn status Lost status Not for loan Collection code Home library Current library Date acquired Source of acquisition Cost, normal purchase price Full call number Barcode Copy number Cost, replacement price Koha item type
      Non-fiction Central Library Central Library 04/08/2011 Allied/DE/2010/CR/0003015/31.3.11/293/24.3.11/191/31.3.11 40.00 S TAG B-437520 1 40.00 English Books
      Non-fiction Sarojini Nagar Sarojini Nagar 04/08/2011 Allied/DE/2010/CR/0003015/31.3.11/293/24.3.11/191/31.3.11 40.00 S TAG B-437521 1 40.00 English Books

© Delhi Public Library
Hit Counter
free hit counter